| 000 | 00817nab a2200217 i 4500 | ||
|---|---|---|---|
| 001 | 180760 | ||
| 003 | ES-MaACL | ||
| 005 | 20250827224928.0 | ||
| 008 | 120710s1913 sp 000 s spa d | ||
| 040 | _cES-MaACL | ||
| 100 | 1 |
_aElorrieta y Artaza, Tomás, _d1883-1949 _eaut _947088 |
|
| 245 | 1 | 3 |
_aLa agitación obrera en Europa : _bconferencia en el Ateneo de Madrid / _cpor Tomás Elorrieta |
| 300 | _aPáginas 1-16 | ||
| 594 | _5Precede al título: Conferencias del Ateneo de Madrid, 1912 | ||
| 610 | 2 | 4 |
_aAteneo de Madrid- _vConferencias- _y1900-1939 _91907 |
| 650 | 0 |
_aHuelgas- _zEuropa _9226900 |
|
| 655 | 0 |
_aConferencias _9234444 |
|
| 773 | 0 |
_tLa Palabra : revista taquigráfica, _xISSN 2479-7723, _gN. 4 (15 feb. 1913), p. 1-16 _02879 _92987 _w2879 |
|
| 942 |
_cANAB _2udc _n0 |
||
| 999 |
_c180760 _d180760 |
||